[Event "AUT-chT2M 2324"]
[Site "Austria"]
[Date "2023.12.03"]
[Round "5.4"]
[White "Bakalarz, Mietek"]
[Black "Marakovits, Nico"]
[Result "1/2-1/2"]
[WhiteElo "2208"]
[BlackElo "2324"]
[PlyCount "120"]
[EventDate "2023.11.03"]
[EventType "team-tourn"]
[EventRounds "11"]
[EventCountry "AUT"]
[SourceTitle "CB16_2024"]
[SourceDate "2024.04.17"]
[SourceVersion "1"]
[SourceVersionDate "2024.04.17"]
[SourceQuality "1"]
[WhiteTeam "Gamlitz"]
[BlackTeam "Fuerstenfeld/Hartberg"]
[WhiteTeamCountry "AUT"]
[BlackTeamCountry "AUT"]

1. d4 Nf6 2. Nf3 e6 3. Bf4 c5 4. e3 Qb6 5. Nc3 a6 6. Rb1 cxd4 7. exd4 d5 8. Bd3 Nc6 9. a3 Bd7 10. Ne2 Be7 11. 0-0 Rc8 12. c3 Nh5 13. Be3 Qc7 14. g3 Bd6 15. Qd2 Na5 16. Ne5 Nc4 17. Bxc4 dxc4 18. Nxd7 Qxd7 19. d5 e5 20. f4 Nf6 21. fxe5 Bxe5 22. Bf4 Bxf4 23. Nxf4 0-0 24. Rbd1 Rfd8 25. Qg2 Qb5 26. Rd4 Rd6 27. Rfd1 Qd7 28. Qh3 Qxh3 29. Nxh3 Rc5 30. Nf4 g5 31. Nh3 h6 32. Nf2 b5 33. h4 Kg7 34. hxg5 hxg5 35. Ng4 Nxg4 36. Rxg4 Rcxd5 37. Rxg5+ Rxg5 38. Rxd6 Rxg3+ 39. Kf2 Rg6 40. Rd7 Re6 41. a4 Kg6 42. Rb7 bxa4 43. Rb4 Rc6 44. Rxa4 Kg5 45. Kf3 Rb6 46. Rxc4 Rxb2 47. Rg4+ Kf5 48. Ra4 Rb6 49. Ra5+ Ke6 50. Ke4 f6 51. c4 Rc6 52. c5 Kd7 53. Kd5 Re6 54. Ra1 f5 55. Rf1 Rf6 56. Ke5 Rf8 57. Rxf5 Rxf5+ 58. Kxf5 a5 59. Ke4 a4 60. Kd3 Kc6 1/2-1/2

[Event "Ustron op-A"]
[Site "Ustron"]
[Date "2023.08.14"]
[Round "5"]
[White "Bakalarz, Mietek"]
[Black "Mickiewicz, Piotr"]
[Result "0-1"]
[WhiteElo "2217"]
[BlackElo "2243"]
[PlyCount "102"]
[EventDate "2023.08.11"]
[EventType "swiss"]
[EventRounds "9"]
[EventCountry "POL"]
[SourceTitle "CBM 215 Extra"]
[Source "ChessBase"]
[SourceDate "2023.09.30"]
[SourceVersion "1"]
[SourceVersionDate "2023.09.30"]
[SourceQuality "1"]

1. e4 c5 2. c3 Nf6 3. e5 Nd5 4. d4 cxd4 5. Nf3 e6 6. cxd4 d6 7. Nc3 Nxc3 8. bxc3 Qc7 9. Bd2 Nd7 10. exd6 Bxd6 11. Bd3 b6 12. 0-0 Bb7 13. Re1 0-0 14. Ne5 Bxe5 15. dxe5 Nc5 16. Bc2 Rfd8 17. Re3 Qc6 18. Rg3 Ne4 19. Bxe4 Qxe4 20. Qe1 Qxe1+ 21. Bxe1 Rd5 22. Re3 Rad8 23. a4 Rd1 24. Ra3 Rc1 25. f3 Rdd1 26. Kf2 Bd5 27. c4 Bxc4 28. g4 g5 29. Rec3 Rxe1 30. Rxc4 Rf1+ 31. Kg2 Rg1+ 32. Kf2 Rxc4 33. Kxg1 a5 34. Kf2 Rb4 35. Kg3 h5 36. h4 gxh4+ 37. Kxh4 hxg4 38. fxg4 Kg7 39. Kg5 Re4 40. Rb3 Rb4 41. Ra3 Re4 42. Rb3 Rxe5+ 43. Kf4 Rc5 44. Rxb6 Kg6 45. Rb5 Rc4+ 46. Kf3 Rxa4 47. Rc5 Ra1 48. Kg2 a4 49. Ra5 a3 50. Kh2 a2 51. Kg2 e5 0-1

[Event "Ustron op-A"]
[Site "Ustron"]
[Date "2023.08.11"]
[Round "1"]
[White "Godzwon, Iwo"]
[Black "Bakalarz, Mietek"]
[Result "1-0"]
[WhiteElo "2402"]
[BlackElo "2217"]
[PlyCount "87"]
[EventDate "2023.08.11"]
[EventType "swiss"]
[EventRounds "9"]
[EventCountry "POL"]
[SourceTitle "CBM 215 Extra"]
[Source "ChessBase"]
[SourceDate "2023.09.30"]
[SourceVersion "1"]
[SourceVersionDate "2023.09.30"]
[SourceQuality "1"]

1. e4 e5 2. Bc4 Nf6 3. d3 c6 4. Nf3 Be7 5. 0-0 d6 6. Nc3 0-0 7. h3 b5 8. Bb3 Na6 9. Be3 Qc7 10. a4 b4 11. Ne2 Nc5 12. Bxc5 dxc5 13. Ng3 g6 14. Qd2 Kg7 15. Qe3 Rb8 16. Nd2 Nd7 17. Ne2 h6 18. g3 Qd6 19. Rae1 Nf6 20. Kg2 Qd7 21. Rh1 Ne8 22. Nc4 f6 23. f4 Qc7 24. Rhf1 exf4 25. Nxf4 Bd6 26. Nxd6 Qxd6 27. e5 fxe5 28. Qxe5+ Qxe5 29. Rxe5 Rb7 30. Rfe1 Nd6 31. Rxc5 Rc7 32. Rce5 Nf5 33. Be6 Nh4+ 34. gxh4 Rxf4 35. Bxc8 Rxc8 36. R1e4 Rxe4 37. Rxe4 b3 38. c3 Rd8 39. d4 c5 40. Kf3 Kf6 41. dxc5 Rd5 42. Rc4 Ke7 43. c6 Kd8 44. Rd4 1-0

[Event "AUT-chT2M 2223"]
[Site "Austria"]
[Date "2023.03.05"]
[Round "9.5"]
[White "Bakalarz, Mietek"]
[Black "Moser, Guenter"]
[Result "1/2-1/2"]
[WhiteElo "2222"]
[BlackElo "2253"]
[PlyCount "62"]
[EventDate "2022.09.30"]
[EventType "team-tourn"]
[EventRounds "11"]
[EventCountry "AUT"]
[SourceTitle "CBM 213 Extra"]
[Source "ChessBase"]
[SourceDate "2023.05.31"]
[SourceVersion "1"]
[SourceVersionDate "2023.05.31"]
[SourceQuality "1"]
[WhiteTeam "Gamlitz"]
[BlackTeam "Ansfelden Union"]
[WhiteTeamCountry "AUT"]
[BlackTeamCountry "AUT"]

1. e4 c5 2. c3 Nf6 3. e5 Nd5 4. d4 cxd4 5. Nf3 e6 6. cxd4 Qc7 7. Bd2 a6 8. Nc3 Nxc3 9. Bxc3 b5 10. a3 Bb7 11. Bd3 h6 12. 0-0 Qb6 13. Bc2 a5 14. Bb3 Na6 15. d5 Bc5 16. d6 b4 17. Bd2 Bc6 18. Bc4 0-0 19. Qe2 Rfb8 20. Rfc1 Bb7 21. a4 Rd8 22. Rc2 Rac8 23. Rac1 Qa7 24. Ne1 Bb6 25. Nd3 Nc5 26. Nxc5 Bxc5 27. Bb5 Bb6 28. Bf4 Rxc2 29. Rxc2 Qa8 30. Qg4 Be4 31. Bxh6 Bg6 1/2-1/2

[Event "AUT-chT2M 2223"]
[Site "Austria"]
[Date "2023.03.04"]
[Round "8.2"]
[White "Bakalarz, Mietek"]
[Black "Borhy, Marcell Boldizsar"]
[Result "1/2-1/2"]
[WhiteElo "2222"]
[BlackElo "2400"]
[PlyCount "61"]
[EventDate "2022.09.30"]
[EventType "team-tourn"]
[EventRounds "11"]
[EventCountry "AUT"]
[SourceTitle "CBM 213 Extra"]
[Source "ChessBase"]
[SourceDate "2023.05.31"]
[SourceVersion "1"]
[SourceVersionDate "2023.05.31"]
[SourceQuality "1"]
[WhiteTeam "Gamlitz"]
[BlackTeam "Pinggau Friedberg"]
[WhiteTeamCountry "AUT"]
[BlackTeamCountry "AUT"]

1. d4 d5 2. Bf4 Nf6 3. e3 c5 4. Nf3 Nc6 5. c3 Qb6 6. b3 Bf5 7. Bd3 Bxd3 8. Qxd3 g6 9. Nbd2 Bg7 10. h3 0-0 11. 0-0 Nd7 12. a3 Rad8 13. b4 cxb4 14. cxb4 e5 15. dxe5 Ncxe5 16. Nxe5 Bxe5 17. Bxe5 Nxe5 18. Qe2 d4 19. exd4 Nc6 20. Nf3 Rfe8 21. Qb2 Nxd4 22. Nxd4 Rxd4 23. Rfe1 Red8 24. Re2 Qf6 25. Rae1 Kg7 26. Re3 Rd3 27. Qxf6+ Kxf6 28. g3 h5 29. h4 b5 30. Kg2 R8d5 31. Kf3 1/2-1/2

[Event "AUT-chT2M 2223"]
[Site "Austria"]
[Date "2022.09.30"]
[Round "1.4"]
[White "Bakalarz, Mietek"]
[Black "Petschar, Kurt"]
[Result "1-0"]
[WhiteElo "2222"]
[BlackElo "2233"]
[PlyCount "55"]
[EventDate "2022.09.30"]
[EventType "team-tourn"]
[EventRounds "11"]
[EventCountry "AUT"]
[SourceTitle "CBM 210 Extra"]
[Source "ChessBase"]
[SourceDate "2022.11.30"]
[SourceVersion "1"]
[SourceVersionDate "2022.11.30"]
[SourceQuality "1"]
[WhiteTeam "Gamlitz"]
[BlackTeam "Raika Feffernitz II"]
[WhiteTeamCountry "AUT"]
[BlackTeamCountry "AUT"]

1. e4 c5 2. d4 cxd4 3. c3 dxc3 4. Nxc3 d6 5. Bc4 a6 6. Nf3 e6 7. 0-0 Nf6 8. Qe2 Be7 9. Rd1 Qc7 10. Bf4 Nc6 11. Rac1 0-0 12. Bb3 Nd7 13. Nd5 exd5 14. exd5 Nc5 15. Rxc5 Qb6 16. dxc6 Qxc5 17. Qxe7 Qxc6 18. Ng5 Bg4 19. Bxf7+ Kh8 20. Rxd6 Qc2 21. h3 Bf5 22. Bb3 Rae8 23. Nf7+ Kg8 24. Nh6+ Kh8 25. Bxc2 Rxe7 26. Nxf5 Re1+ 27. Kh2 g6 28. Bd2 1-0

[Event "Ustron op-A"]
[Site "Ustron"]
[Date "2022.08.20"]
[Round "9"]
[White "Manakova, Maria"]
[Black "Bakalarz, Mietek"]
[Result "1/2-1/2"]
[WhiteElo "2236"]
[BlackElo "2240"]
[PlyCount "22"]
[EventDate "2022.08.12"]
[EventType "swiss"]
[EventRounds "9"]
[EventCountry "POL"]
[SourceTitle "CBM 210 Extra"]
[Source "ChessBase"]
[SourceDate "2022.11.30"]
[SourceVersion "1"]
[SourceVersionDate "2022.11.30"]
[SourceQuality "1"]

1. e4 e5 2. Nf3 Nf6 3. Nxe5 d6 4. Nf3 Nxe4 5. d4 d5 6. Bd3 Bd6 7. 0-0 0-0 8. c4 c6 9. Nc3 Nxc3 10. bxc3 dxc4 11. Bxc4 Bg4 1/2-1/2

[Event "Ustron op-A"]
[Site "Ustron"]
[Date "2022.08.16"]
[Round "5"]
[White "Bakalarz, Mietek"]
[Black "Czernek, Tymon"]
[Result "0-1"]
[WhiteElo "2240"]
[BlackElo "2268"]
[PlyCount "96"]
[EventDate "2022.08.12"]
[EventType "swiss"]
[EventRounds "9"]
[EventCountry "POL"]
[SourceTitle "CBM 210 Extra"]
[Source "ChessBase"]
[SourceDate "2022.11.30"]
[SourceVersion "1"]
[SourceVersionDate "2022.11.30"]
[SourceQuality "1"]

1. d4 Nf6 2. Nf3 g6 3. Bf4 Bg7 4. e3 0-0 5. h3 d6 6. Be2 Nbd7 7. 0-0 c6 8. c4 Qb6 9. Qc2 Re8 10. Nc3 e5 11. Bh2 a6 12. c5 dxc5 13. Na4 Qa7 14. dxc5 Nd5 15. Nd2 b5 16. cxb6 N7xb6 17. Nc5 Qe7 18. a3 a5 19. b3 Kh8 20. Rfe1 f5 21. e4 Nf6 22. Rab1 Rd8 23. b4 axb4 24. axb4 f4 25. Red1 g5 26. Nc4 Rxd1+ 27. Rxd1 Nxc4 28. Qxc4 Bf8 29. Kh1 h5 30. f3 g4 31. fxg4 hxg4 32. hxg4 Bxg4 33. Kg1 Qh7 34. Qd3 Be7 35. Bxg4 Nxg4 36. Qh3 Qxh3 37. gxh3 Ne3 38. Rc1 Rd8 39. Ne6 Rd6 40. Nxf4 exf4 41. Bxf4 Rd1+ 42. Rxd1 Nxd1 43. Kf1 Bxb4 44. Ke2 Nc3+ 45. Kd3 Nb5 46. Kc4 Be7 47. h4 Kg7 48. h5 Na7 0-1

[Event "Ustron op-A"]
[Site "Ustron"]
[Date "2022.08.14"]
[Round "3"]
[White "Fiedorek, Michal"]
[Black "Bakalarz, Mietek"]
[Result "1-0"]
[WhiteElo "2242"]
[BlackElo "2240"]
[PlyCount "107"]
[EventDate "2022.08.12"]
[EventType "swiss"]
[EventRounds "9"]
[EventCountry "POL"]
[SourceTitle "CBM 210 Extra"]
[Source "ChessBase"]
[SourceDate "2022.11.30"]
[SourceVersion "1"]
[SourceVersionDate "2022.11.30"]
[SourceQuality "1"]

1. e4 e5 2. Nf3 Nf6 3. d4 Nxe4 4. Bd3 d5 5. Nxe5 Nd7 6. Nc3 Bb4 7. 0-0 Nxe5 8. dxe5 Nxc3 9. bxc3 Bc5 10. Qh5 g6 11. Qh6 Bf8 12. Qe3 Be6 13. Rb1 Qc8 14. Qg3 h6 15. a4 a6 16. a5 c5 17. Be3 Be7 18. f4 c4 19. Be2 Bf5 20. Bf3 Bxc2 21. Rb2 Bd3 22. Bxd5 Rb8 23. Re1 0-0 24. Qf3 Kh7 25. Kh1 Qc7 26. Bb6 Qd7 27. Ba7 Ba3 28. Ra2 Qe7 29. Bxb8 Rxb8 30. Bxf7 Bc5 31. Bd5 b5 32. axb6 Rxb6 33. Be4 Qe6 34. Bxd3 cxd3 35. Rd2 a5 36. Qxd3 a4 37. Qd7+ Be7 38. Qxa4 h5 39. Qd7 Qf7 40. e6 Qf8 41. Qc7 Rb8 42. Rd7 Re8 43. c4 Kh6 44. Qe5 Bf6 45. Qe4 Be7 46. Rf1 Qf6 47. f5 Rf8 48. Qf4+ g5 49. Qd4 Qxe6 50. fxe6 Rxf1+ 51. Qg1 Rxg1+ 52. Kxg1 Bc5+ 53. Kf1 Kg6 54. Rf7 1-0

[Event "Graz"]
[Site "Graz"]
[Date "2022.05.28"]
[Round "7"]
[White "Schachinger, Mario"]
[Black "Bakalarz, Mietek"]
[Result "1/2-1/2"]
[WhiteElo "2391"]
[BlackElo "2255"]
[PlyCount "68"]
[EventDate "2022.05.20"]
[EventType "tourn"]
[EventRounds "9"]
[EventCountry "AUT"]
[EventCategory "1"]
[SourceTitle "CBM 208 Extra"]
[Source "ChessBase"]
[SourceDate "2022.07.31"]
[SourceVersion "1"]
[SourceVersionDate "2022.07.31"]
[SourceQuality "1"]

1. e4 e5 2. Nf3 Nf6 3. Nc3 Nc6 4. d4 exd4 5. Nxd4 Bb4 6. Nxc6 bxc6 7. Bd3 d5 8. exd5 Qe7+ 9. Qe2 Qxe2+ 10. Kxe2 cxd5 11. Nb5 Kd7 12. Bf4 a6 13. Nd4 g6 14. Rhd1 Bd6 15. Bxd6 Kxd6 16. b4 Bd7 17. Nb3 Rhb8 18. a3 Bb5 19. f3 c6 20. Rd2 Kc7 21. Rc1 Nd7 22. c4 dxc4 23. Bxc4 Ne5 24. Bxb5 axb5 25. Na5 Re8 26. Kf1 g5 27. Rdc2 Re6 28. Rc3 Rd8 29. Rc5 Kb6 30. Rxe5 Rxe5 31. Rxc6+ Ka7 32. Rc7+ Kb6 33. Rc6+ Ka7 34. Rc7+ Kb6 1/2-1/2

[Event "Ustron op-A"]
[Site "Ustron"]
[Date "2021.08.20"]
[Round "9"]
[White "Bakalarz, Mietek"]
[Black "Paszewski, Mateusz"]
[Result "0-1"]
[WhiteElo "2256"]
[BlackElo "2261"]
[PlyCount "76"]
[EventDate "2021.08.13"]
[EventType "swiss"]
[EventRounds "9"]
[EventCountry "POL"]
[SourceTitle "CBM 203 Extra"]
[Source "ChessBase"]
[SourceDate "2021.09.30"]
[SourceVersion "1"]
[SourceVersionDate "2021.09.30"]
[SourceQuality "1"]

1. d4 d5 2. Nf3 Nf6 3. Bf4 c5 4. e3 Nc6 5. c3 Qb6 6. Qb3 c4 7. Qxb6 axb6 8. h3 Bf5 9. a3 b5 10. Ne5 Nxe5 11. Bxe5 Nd7 12. Nd2 e6 13. Rc1 Nb6 14. f3 Na4 15. e4 Bg6 16. Rc2 f6 17. Bf4 Kd7 18. g3 Bd6 19. Bxd6 Kxd6 20. Bg2 e5 21. Kf2 Rhe8 22. Re1 Rad8 23. f4 exd4 24. cxd4 dxe4 25. Bxe4 Bxe4 26. Nxe4+ Kc6 27. Rd2 Kd5 28. Rde2 Rxe4 29. Rxe4 Nxb2 30. Kf3 c3 31. R4e2 Kxd4 32. Rb1 Ra8 33. Rc2 Rxa3 34. Ke2 b4 35. g4 b3 36. Rcc1 Nd3 37. Rd1 Ra2+ 38. Kf3 c2 0-1

[Event "Graz op-A"]
[Site "Graz"]
[Date "2020.02.21"]
[Round "9"]
[White "Bakalarz, Mietek"]
[Black "Paltrinieri, Nicholas"]
[Result "1-0"]
[WhiteElo "2245"]
[BlackElo "2347"]
[PlyCount "81"]
[EventDate "2020.02.14"]
[EventType "swiss"]
[EventRounds "9"]
[EventCountry "AUT"]
[SourceTitle "CBM 195 Extra"]
[Source "ChessBase"]
[SourceDate "2020.05.31"]
[SourceVersion "1"]
[SourceVersionDate "2020.05.31"]
[SourceQuality "1"]

1. e4 e6 2. d4 d5 3. Nc3 Bb4 4. exd5 exd5 5. Bd3 Nc6 6. Nge2 Nge7 7. a3 Bxc3+ 8. bxc3 Bf5 9. Ng3 Bg6 10. h4 Qd7 11. h5 Bxd3 12. cxd3 h6 13. Qf3 Qe6+ 14. Qe2 Qxe2+ 15. Kxe2 0-0-0 16. Bf4 Rde8 17. Kd2 Nd8 18. Rae1 Ne6 19. Be5 Kd7 20. f4 f5 21. Re2 Rhf8 22. Rhe1 Nc6 23. Rf2 Na5 24. Nf1 c5 25. dxc5 Nb3+ 26. Kc2 Nbxc5 27. Re3 Rc8 28. Rg3 d4 29. Bxg7 Rf7 30. Be5 Na4 31. c4 b5 32. Nd2 Nb6 33. Kb2 bxc4 34. Nxc4 Nxc4+ 35. dxc4 Rxc4 36. Rg6 Re7 37. Rc2 Rxc2+ 38. Kxc2 Re8 39. Rxh6 Rc8+ 40. Kd2 Rc4 41. Rxe6 1-0

[Event "Graz op-A"]
[Site "Graz"]
[Date "2020.02.20"]
[Round "8"]
[White "Bakalarz, Mietek"]
[Black "Zoernpfenning, Siegfried"]
[Result "1-0"]
[WhiteElo "2245"]
[BlackElo "2094"]
[PlyCount "85"]
[EventDate "2020.02.14"]
[EventType "swiss"]
[EventRounds "9"]
[EventCountry "AUT"]
[SourceTitle "CBM 195 Extra"]
[Source "ChessBase"]
[SourceDate "2020.05.31"]
[SourceVersion "1"]
[SourceVersionDate "2020.05.31"]
[SourceQuality "1"]

1. e4 c5 2. c3 Nf6 3. e5 Nd5 4. d4 cxd4 5. Nf3 Nc6 6. cxd4 e6 7. Bd3 d6 8. a3 Qc7 9. 0-0 Bd7 10. Re1 dxe5 11. dxe5 Be7 12. Bd2 0-0 13. Nc3 Nxc3 14. Bxc3 Rfd8 15. Qe2 Be8 16. Rac1 Rd7 17. Qe4 g6 18. b4 Qd8 19. Bb5 Rc8 20. Bb2 Rd5 21. Bc4 Rd7 22. h4 Nb8 23. Nd4 Qb6 24. Bb3 Rcd8 25. Nf3 a5 26. Bc3 Na6 27. Rb1 axb4 28. axb4 Rd3 29. Rec1 Nc7 30. Ng5 Qc6 31. Qxc6 Bxc6 32. Bc4 R3d7 33. b5 Bd5 34. b6 Na6 35. Bb5 Bc6 36. Bxc6 bxc6 37. Ne4 Rd5 38. Ra1 Nc5 39. Nxc5 Bxc5 40. b7 Rb8 41. Ra8 Rdd8 42. Ba5 Rxa8 43. bxa8Q 1-0

[Event "Steyr Landesliga 1920"]
[Site "Austria"]
[Date "2019.11.23"]
[Round "5.2"]
[White "Bakalarz, Mietek"]
[Black "Schwarhofer, Christopher"]
[Result "0-1"]
[WhiteElo "2279"]
[BlackElo "2346"]
[PlyCount "68"]
[EventDate "2019.09.28"]
[EventType "team-tourn"]
[EventRounds "11"]
[EventCountry "AUT"]
[SourceTitle "CBM 193 Extra"]
[Source "ChessBase"]
[SourceDate "2020.01.31"]
[SourceVersion "1"]
[SourceVersionDate "2020.01.31"]
[SourceQuality "1"]
[WhiteTeam "Gamlitz"]
[BlackTeam "Krieglach Windheimat"]
[WhiteTeamCountry "AUT"]
[BlackTeamCountry "AUT"]

1. d4 Nf6 2. Nf3 g6 3. Bf4 Bg7 4. e3 d6 5. h3 0-0 6. Be2 Nfd7 7. e4 c5 8. c3 Qb6 9. Qd2 e5 10. dxe5 dxe5 11. Be3 Nf6 12. Bd3 Rd8 13. Qc2 Qd6 14. Be2 Nbd7 15. Na3 Qc6 16. Bd3 a6 17. Nc4 b5 18. Ncxe5 Nxe5 19. Nxe5 Qe6 20. Ng4 Nxg4 21. hxg4 Qxg4 22. Bxc5 Qxg2 23. 0-0-0 Bg4 24. Rde1 Rac8 25. Rhg1 Qh3 26. Rg3 Qh4 27. Bb6 Rd6 28. Ba5 Be5 29. Rgg1 Rf6 30. Be2 Bh3 31. f3 Bh2 32. Rh1 Bg2 33. e5 Bxh1 34. Qe4 Qxe1+ 0-1

[Event "EU-Cup 35th"]
[Site "Ulcinj"]
[Date "2019.11.15"]
[Round "6.33"]
[White "Uruci, Endrit"]
[Black "Bakalarz, Mietek"]
[Result "1-0"]
[WhiteElo "2233"]
[BlackElo "2279"]
[PlyCount "95"]
[EventDate "2019.11.10"]
[EventType "team-swiss"]
[EventRounds "7"]
[EventCountry "MNE"]
[SourceTitle "EXT 2021"]
[Source "ChessBase"]
[SourceDate "2020.10.23"]
[SourceVersion "1"]
[SourceVersionDate "2020.10.23"]
[SourceQuality "1"]
[WhiteTeam "Dardania"]
[BlackTeam "Differdange"]
[WhiteTeamCountry "KOS"]
[BlackTeamCountry "LUX"]

1. d4 Nf6 2. Nf3 g6 3. Bf4 Bg7 4. e3 0-0 5. h3 d5 6. Bd3 c5 7. c3 Qb6 8. Qb3 c4 9. Qxb6 axb6 10. Bc2 Nc6 11. Nbd2 b5 12. Ne5 Nd7 13. Nxc6 bxc6 14. a3 f6 15. 0-0-0 e5 16. Bg3 c5 17. dxc5 Nxc5 18. e4 Bb7 19. exd5 Bxd5 20. f3 Bh6 21. Rhe1 Nd3+ 22. Bxd3 cxd3 23. Kb1 Rad8 24. Bf2 Bf4 25. Be3 Bg3 26. Rf1 f5 27. b3 e4 28. fxe4 fxe4 29. Kb2 Rf5 30. Bd4 Re8 31. Rxf5 gxf5 32. Nf1 Be5 33. Ne3 Bxd4 34. cxd4 Be6 35. g3 Kf7 36. Rf1 Ke7 37. d5 Bd7 38. g4 fxg4 39. hxg4 Kd6 40. Rf7 Rg8 41. Kc3 Bxg4 42. a4 Bh5 43. Rxh7 Bg6 44. Ra7 bxa4 45. Kd4 Rc8 46. Nc4+ Rxc4+ 47. bxc4 d2 48. c5# 1-0

[Event "EU-Cup 35th"]
[Site "Ulcinj"]
[Date "2019.11.11"]
[Round "2.20"]
[White "Cernousek, Lukas"]
[Black "Bakalarz, Mietek"]
[Result "1-0"]
[WhiteElo "2461"]
[BlackElo "2279"]
[PlyCount "83"]
[EventDate "2019.11.10"]
[EventType "team-swiss"]
[EventRounds "7"]
[EventCountry "MNE"]
[SourceTitle "CBM 193 Extra"]
[Source "ChessBase"]
[SourceDate "2020.01.31"]
[SourceVersion "1"]
[SourceVersionDate "2020.01.31"]
[SourceQuality "1"]
[WhiteTeam "Unichess"]
[BlackTeam "Differdange"]
[WhiteTeamCountry "CZE"]
[BlackTeamCountry "LUX"]

1. d4 Nf6 2. c4 g6 3. g3 Bg7 4. Bg2 d5 5. cxd5 Nxd5 6. Nf3 0-0 7. 0-0 Nc6 8. e3 a5 9. Qe2 b6 10. Rd1 Ba6 11. Qd2 f5 12. Nc3 Nxc3 13. Qxc3 Qd6 14. Ng5 Bb7 15. Bd2 h6 16. Qc4+ Kh8 17. Nf7+ Rxf7 18. Qxf7 e5 19. Qd5 Qxd5 20. Bxd5 Rd8 21. Bxc6 Bxc6 22. Rdc1 Rd6 23. Rc4 exd4 24. exd4 Rxd4 25. Rxd4 Bxd4 26. Rc1 Bd5 27. Rxc7 Bxb2 28. Bxh6 a4 29. Bf8 Kg8 30. Bb4 b5 31. a3 Bf7 32. Bc3 Bxc3 33. Rxc3 Bc4 34. f4 Kf7 35. Re3 Be6 36. Kf2 Bc4 37. Re5 Kf6 38. h3 b4 39. axb4 a3 40. Ra5 a2 41. Ke3 Ke6 42. Kd4 1-0

[Event "Agneaux St Lo op 20th"]
[Site "Agneaux"]
[Date "2019.07.11"]
[Round "7.5"]
[White "Bakalarz, Mietek"]
[Black "Mirzoev, Emil"]
[Result "1/2-1/2"]
[WhiteElo "2273"]
[BlackElo "2493"]
[PlyCount "60"]
[EventDate "2019.07.06"]
[EventType "swiss"]
[EventRounds "9"]
[EventCountry "FRA"]
[SourceTitle "EXT 2020"]
[Source "ChessBase"]
[SourceDate "2019.10.17"]
[SourceVersion "1"]
[SourceVersionDate "2019.10.17"]
[SourceQuality "1"]

1. e4 e6 2. d4 d5 3. Nc3 Nf6 4. Bg5 Be7 5. e5 Nfd7 6. Bxe7 Qxe7 7. f4 a6 8. Nf3 c5 9. dxc5 Nxc5 10. Bd3 Nc6 11. 0-0 f6 12. exf6 Qxf6 13. Qe1 0-0 14. Ne5 Bd7 15. Nxd7 Nxd7 16. Qf2 d4 17. Ne4 Qe7 18. Qe2 g6 19. Bc4 b5 20. Bb3 Rae8 21. Rae1 Na5 22. Qd3 Nxb3 23. Qxb3 Kg7 24. a4 e5 25. axb5 axb5 26. Qxb5 Rxf4 27. Rxf4 exf4 28. Re2 Qd8 29. Qd5 Nb6 30. Qxd8 Rxd8 1/2-1/2

[Event "Agneaux St Lo op 20th"]
[Site "Agneaux"]
[Date "2019.07.07"]
[Round "2.3"]
[White "Bakalarz, Mietek"]
[Black "Vedmediuc, Serghei"]
[Result "1/2-1/2"]
[WhiteElo "2273"]
[BlackElo "2450"]
[PlyCount "40"]
[EventDate "2019.07.06"]
[EventType "swiss"]
[EventRounds "9"]
[EventCountry "FRA"]
[SourceTitle "EXT 2020"]
[Source "ChessBase"]
[SourceDate "2019.10.17"]
[SourceVersion "1"]
[SourceVersionDate "2019.10.17"]
[SourceQuality "1"]

1. d4 Nf6 2. Nf3 g6 3. Bf4 Bg7 4. e3 0-0 5. h3 d6 6. Be2 b6 7. 0-0 Nbd7 8. Bh2 Bb7 9. c4 c5 10. Nc3 cxd4 11. exd4 d5 12. Ne5 dxc4 13. Bxc4 e6 14. Qe2 a6 15. a4 Re8 16. Rfe1 Qe7 17. Rad1 Nf8 18. Qc2 Qb4 19. Na2 Qe7 20. Nc3 Qb4 1/2-1/2

[Event "Katowice POL-HUN 7th"]
[Site "Katowice"]
[Date "2019.04.14"]
[Round "6"]
[White "Bakalarz, Mietek"]
[Black "Kantans, Toms"]
[Result "0-1"]
[WhiteElo "2268"]
[BlackElo "2513"]
[PlyCount "126"]
[EventDate "2019.04.13"]
[EventType "swiss (rapid)"]
[EventRounds "9"]
[EventCountry "POL"]
[SourceTitle "CBM 189 Extra"]
[Source "ChessBase"]
[SourceDate "2019.06.03"]
[SourceVersion "1"]
[SourceVersionDate "2019.06.03"]
[SourceQuality "1"]

1. e4 c5 2. c3 Nf6 3. e5 Nd5 4. d4 cxd4 5. Nf3 d6 6. Qxd4 e6 7. Nbd2 Nc6 8. Bb5 Bd7 9. Bxc6 Bxc6 10. Nc4 f6 11. Nxd6+ Bxd6 12. exd6 e5 13. Qd1 Qxd6 14. 0-0 0-0-0 15. c4 Nb4 16. Qxd6 Rxd6 17. Be3 Nd3 18. Rfb1 Bxf3 19. gxf3 a5 20. b3 Rhd8 21. a3 f5 22. b4 f4 23. Bc5 Rg6+ 24. Kf1 Rh6 25. Ke2 a4 26. Rd1 Nxc5 27. Rxd8+ Kxd8 28. bxc5 Rxh2 29. Rg1 g6 30. Rb1 Kc7 31. Rb4 Rh1 32. Rxa4 Ra1 33. Ra5 Ra2+ 34. Kf1 Kc6 35. Rb5 Rxa3 36. Rb6+ Kc7 37. Re6 Rxf3 38. Rxe5 Kc6 39. Re6+ Kxc5 40. Re7 Rb3 41. Rc7+ Kd4 42. Kg2 h5 43. Rg7 Rb6 44. Rc7 g5 45. c5 Rc6 46. Rxb7 Rxc5 47. Re7 Re5 48. Rf7 Ke4 49. f3+ Ke3 50. Ra7 Rc5 51. Ra3+ Kd4 52. Ra4+ Kd3 53. Ra3+ Kd4 54. Ra4+ Ke5 55. Ra8 g4 56. Re8+ Kf5 57. Rf8+ Kg5 58. Rf7 Rc2+ 59. Kg1 Rc3 60. fxg4 hxg4 61. Rf8 Rc2 62. Rh8 f3 63. Kf1 Kf4 0-1

[Event "Katowice IM"]
[Site "Katowice"]
[Date "2019.04.11"]
[Round "8"]
[White "Kubicka, Anna"]
[Black "Bakalarz, Mietek"]
[Result "0-1"]
[WhiteElo "2171"]
[BlackElo "2268"]
[PlyCount "100"]
[EventDate "2019.04.08"]
[EventType "tourn"]
[EventRounds "9"]
[EventCountry "POL"]
[SourceTitle "CBM 189 Extra"]
[Source "ChessBase"]
[SourceDate "2019.06.03"]
[SourceVersion "1"]
[SourceVersionDate "2019.06.03"]
[SourceQuality "1"]

1. e4 c5 2. Ne2 Nc6 3. d4 cxd4 4. Nxd4 g6 5. c4 Nf6 6. Nc3 Nxd4 7. Qxd4 d6 8. Be2 Bg7 9. Be3 0-0 10. Qd2 Qa5 11. 0-0 Be6 12. Rac1 Rfc8 13. b3 a6 14. f4 b5 15. f5 Bd7 16. e5 b4 17. exf6 bxc3 18. Qd3 Bxf6 19. fxg6 hxg6 20. Rxf6 exf6 21. Bd4 Qg5 22. Qxc3 Bc6 23. Bf1 Kg7 24. Rc2 Re8 25. Rf2 Re6 26. g3 Rh8 27. Bg2 Bxg2 28. Kxg2 Rhe8 29. h4 Qg4 30. Bxf6+ Kh7 31. Qf3 Qxf3+ 32. Rxf3 Re2+ 33. Rf2 R8e6 34. Bd4 f5 35. Kf3 Rxf2+ 36. Bxf2 Kg7 37. a4 Re4 38. a5 Kf7 39. Be3 Ke6 40. Ke2 d5 41. Kd3 dxc4+ 42. bxc4 Kd6 43. Bd4 Re1 44. Kc3 Re2 45. Ba7 Ra2 46. Kb4 Kc6 47. Be3 Rb2+ 48. Kc3 Re2 49. Ba7 Ra2 50. Bd4 Ra3+ 0-1